Eastern Utah Libraries Catalog: Duchesne, Heber, Roosevelt, & Vernal

Sky raiders / (Record no. 108563)

MARC details
000 -LEADER
fixed length control field 01426pam a2200409 i 4500
001 - CONTROL NUMBER
control field BK0013477079
003 - CONTROL NUMBER IDENTIFIER
control field DLC
005 - DATE AND TIME OF LATEST TRANSACTION
control field 20241220140337.0
008 - FIXED-LENGTH DATA ELEMENTS--GENERAL INFORMATION
fixed length control field 130912s2014 nyu c 000 1 eng
010 ## - LIBRARY OF CONGRESS CONTROL NUMBER
LC control number 2013032734
020 ## - INTERNATIONAL STANDARD BOOK NUMBER
International Standard Book Number 9781442497009 : HRD
Terms of availability $16.99
020 ## - INTERNATIONAL STANDARD BOOK NUMBER
International Standard Book Number 1442497009 : HRD
Terms of availability $16.99
Cancelled/invalid ISBN 9781442497023 (eBook)
037 ## - SOURCE OF ACQUISITION
Source of stock number/acquisition Simon & Schuster, 100 Front st, Riverside, NJ, USA, 08075-7500
Note SAN 200-2442
040 ## - CATALOGING SOURCE
Original cataloging agency DLC
Language of cataloging eng
Transcribing agency DLC
Description conventions rda
Modifying agency NjBwBT
050 00 - LIBRARY OF CONGRESS CALL NUMBER
Classification number PZ7.M9112
Item number Sk 2014
082 00 - DEWEY DECIMAL CLASSIFICATION NUMBER
Classification number [Fic]
Edition number 23
092 ## - LOCALLY ASSIGNED DEWEY CALL NUMBER (OCLC)
Classification number FIC
092 ## - LOCALLY ASSIGNED DEWEY CALL NUMBER (OCLC)
Classification number MULL
100 1# - MAIN ENTRY--PERSONAL NAME
Personal name Mull, Brandon,
Dates associated with a name 1974-
9 (RLIN) 55191
245 10 - TITLE STATEMENT
Title Sky raiders /
Statement of responsibility, etc Brandon Mull.
246 ## - VARYING FORM OF TITLE
Remainder of title Five Kingdoms
246 ## - VARYING FORM OF TITLE
Remainder of title Five Kingdoms Book One
246 ## - VARYING FORM OF TITLE
Remainder of title Five Kingdoms Book 1
250 ## - EDITION STATEMENT
Edition statement First Aladdin hardcover edition.
260 ## - PUBLICATION, DISTRIBUTION, ETC. (IMPRINT)
Name of publisher, distributor, etc Simon & Schuster
Date of publication, distribution, etc 2014
264 #1 - Production, Publication, Distribution, Manufacture, and Copyright Notice.
Place of production, publication, distribution, manufacture New York :
Name of producer, publisher, distributor, manufacturer Aladdin,
Date of production, publication, distribution, manufacture, or copyr 2014.
300 ## - PHYSICAL DESCRIPTION
Extent 421 pages ;
Dimensions 22 cm.
336 ## - Content Type
Content type term text
337 ## - Media type
Media type term unmediated
338 ## - Carrier type
Carrier type term volume
440 ## - SERIES STATEMENT/ADDED ENTRY--TITLE
Title Five Kingdoms :
Volume number/sequential designation Book 1.
9 (RLIN) 6366402
490 ## - SERIES STATEMENT
Series statement Five kingdoms ;
Volume number/sequential designation 1
520 ## - SUMMARY, ETC.
Summary, etc Whisked through a portal to the Outskirts, an in-between world, sixth-grader Cole must rescue his friends and find his way back home--before his existence is forgotten.
650 #1 - SUBJECT ADDED ENTRY--TOPICAL TERM
Topical term or geographic name as entry element Fantasy.
9 (RLIN) 6267472
650 #1 - SUBJECT ADDED ENTRY--TOPICAL TERM
Topical term or geographic name as entry element Adventure and adventurers
Form subdivision Fiction.
9 (RLIN) 102533
942 ## - ADDED ENTRY ELEMENTS (KOHA)
Koha item type BOOK
Source of classification or shelving scheme Dewey Decimal Classification
Holdings
Withdrawn status Lost status Source of classification or shelving scheme Damaged status Not for loan Collection code Home library Current library Shelving location Date acquired Source of acquisition Serial Enumeration / chronology Total Checkouts Total Renewals Full call number Barcode Checked out Date last seen Date checked out Cost, replacement price Price effective from Koha item type
    Dewey Decimal Classification     Junior Fiction Wasatch County Library Wasatch County Library Main Floor Junior Area 05/20/2021 Amazon #1 39 42 J Mull 34301001716093 04/29/2026 03/03/2026 03/03/2026 19.99 05/20/2021 BOOK
This project was made possible through a grant from the Institute of Museum and Library Service administered by the Utah State Library Division.

Wasatch County Library

  • 465 East 1200 South, Heber City, Utah 84032
  • Phone 435-654-1511 | Fax 435-654-6456

Hours

  • Monday - Friday 9:30 AM - 8:00 PM
  • Saturday 9:30 AM - 1:30 PM
  • Closed Sundays and Holidays